000 00681nam a2200265Ia 4500
005 20260121170045.0
008 008 260114s9999 xx 000 0 eng d
020 _a9781493935949
037 _aEBOOK
040 _aCRL
040 _beng
040 _cCRL
041 _2eng
041 _aeng
084 _qCRL
100 _aStephen K. Kwan, James C. Spohrer, Yuriko Sawatani
_91059288
245 0 _aGlobal Perspectives on Service Science: Japan
260 _bSpringer
260 _bSpringer
260 _c2016
856 _uhttps://link.springer.com/openurl?genre=book&isbn=978-1-4939-3594-9
942 _cEBOOK
999 _c1625017
_d1625017